000 00293nam a22001337a 4500
008 180926b xxu||||| |||| 00| 0 eng d
020 _a9780139695698
041 _aeng
080 _23 ED
_a370
100 _a48
101 _aEDU
245 _aThe writers Work
_c,frank.o
942 _2udc
_cBK
999 _c48467
_d48467